000 00688nam a2200217Ia 4500
005 20250508165604.0
008 008 250505s9999 xx 000 0 eng d
020 _a978-0-415-38842-9
037 _aReference
040 _aFEDL
_beng
_cFEDL
041 _aeng
_2eng
084 _a378.103, MCL/RR
_qFEDL
100 _aMcLaughlin Colleen and others
_9781280
245 0 _aResearching schools: Stories from a schools- University partnership for educational research
260 _aLondon, UK
_bRoutledge
_c2006
300 _a212p.
365 _aGBP
_b25.99
546 _aDeposeted by Prof. Rama Mathew
942 _cREF
_h378.103, MCL/RR
999 _c1396046
_d1396046